000 00495nam a2200157Ia 4500
008 140609s9999 xx 000 0 und d
020 _a9789718935071
050 _aKPM 63
_b.P3634 2012
100 _aPanganiban, Artemio V.
245 _aWith due respect :
_bselected columns from the Philippine Daily Inquirer /
_cArtemio V. Panganiban
260 _aMakati City, Philippines :
_bInquirer Books,
_cc2012.
300 _a318 p. ;
_c23 cm.
521 _aGE
942 _kLOC
_cBK
999 _c118213
_d118213